LEADER 01213nam--2200385---450- 001 990002708760203316 005 20070219120601.0 010 $a88-311-3184-2 035 $a000270876 035 $aUSA01000270876 035 $a(ALEPH)000270876USA01 035 $a000270876 100 $a20060209d2005----km-y0itay0103----ba 101 $aita 102 $aIT 105 $a||||||||001yy 200 1 $aContro gli ariani$fVigilio di Tapso$gintroduzione, traduzione e note a cura di Patrizia Guidi 210 $aRoma$cCittà nuova$dcopyr. 2005 215 $a216 p.$d21 cm 225 2 $aCollana di testi patristici$v184 410 0$12001$aCollana di testi patristici$v184 454 1$12001 461 1$1001-------$12001 500 10$aContra Arianos, Sabellianos, Photinianos dialogus$920367 676 $a273.4 700 1$aVigilius : Thapsensis$0592507 801 0$aIT$bsalbc$gISBD 912 $a990002708760203316 951 $aV.4.A. 75(IV A 1629)$b186942 L.M.$cIV A$d00175749 959 $aBK 969 $aUMA 979 $aVITALE$b90$c20060209$lUSA01$h1226 979 $aCOPAT6$b90$c20070219$lUSA01$h1206 996 $aContra Arianos, Sabellianos, Photinianos dialogus$920367 997 $aUNISA